Kỹ thuật trồng một số cây thân gỗ đa tác dụng

Đã lưu trong:
书目详细资料
主要作者: Ngô Quang Đê
格式: 图书
语言:Undetermined
出版: H. VHDT 2000
主题:
标签: 添加标签
没有标签, 成为第一个标记此记录!
Thư viện lưu trữ: Trung tâm Học liệu Trường Đại học Cần Thơ
LEADER 00509nam a2200181Ia 4500
001 CTU_51928
008 210402s9999 xx 000 0 und d
020 |b 8500 
082 |a 634.98 
082 |b Đ250 
100 |a Ngô Quang Đê 
245 0 |a Kỹ thuật trồng một số cây thân gỗ đa tác dụng 
245 0 |c Ngô Quang Đê 
260 |a H. 
260 |b VHDT 
260 |c 2000 
650 |a forests and forestry 
980 |a Trung tâm Học liệu Trường Đại học Cần Thơ